LDR 00870naa#a2200181#i#450# 001 RU\\bibl\123076 005 20260511235123.1 011 ## _a3034-4689 100 ## _a20260508b2026####ek#y0rusy0150####ca 102 ## _aRU 200 1# _aЭКСПЕРИМЕНТАЛЬНОЕ ИССЛЕДОВАНИЕ ПРОЦЕССА ОТВОДА ОТСЕПАРИРОВАННОЙ ЖИДКОСТИ С ЛОПАСТЕЙ ЗАВИХРИТЕЛЯ ВИХРЕВОГО УСТРОЙСТВА _eЖурнальная статья 210 1# _aКазань _cКазанский национальный исследовательский технологический университет _d2026 215 ## _a5 с. 608 ## _aЖурнальная статья _2local 700 #1 _aХарьков _gВ В 700 #1 _aМаясова _gАнна Олеговна 700 #1 _aДмитриева _gО С 856 4# _avestniktu.ru _u